Can You Name All The Countries And Territories Of South America ? - Statistics

General Stats
  • This quiz has been taken 54 times
  • The average score is 13 of 14
Answers on the Map
Answers color-coded by a green-red scale on the quiz's map according to % correct below.
 
Answer Stats
Answer % Correct
Brazil
100%
Peru
100%
Bolivia
97%
Chile
97%
Argentina
95%
Paraguay
95%
Uruguay
95%
Venezuela
95%
Colombia
92%
French Guiana
90%
Ecuador
87%
Guyana
87%
Suriname
85%
Falkland Islands
62%
No matching quizzes found
Score Distribution
Percent of People with Each Score
Percentile by Number Answered
Your Score History
You have not taken this quiz